[Event "Titled Tue 20th May Late"]
[Site "chess.com INT"]
[Date "2025.05.20"]
[Round "6"]
[White "Kolmagorov, Alexey"]
[Black "Ferrara, Enzo"]
[Result "0-1"]
[WhiteTitle "CM"]
[WhiteElo "2145"]
[BlackElo "2138"]
[WhiteFideId "34129402"]
[BlackFideId "137731"]
[EventDate "2025.05.20"]

1. e4 e6 2. d4 d5 3. Nd2 c5 4. exd5 exd5 5. dxc5 Nf6 6. Ngf3 Bxc5 7. Be2 O-O 8.
O-O Nc6 9. Nb3 Be7 10. Bg5 Bf5 11. c3 Rc8 12. Nfd4 Be4 13. Bf3 Ne5 14. Be2 Nc4
15. Qc1 a5 16. Nd2 Bg6 17. Nxc4 dxc4 18. Rd1 Qb6 19. Bf3 Bc5 20. Be3 Bd3 21. Nc2
Rfe8 22. Bxc5 Rxc5 23. Ne1 Bg6 24. Rd2 Rce5 25. Rd1 h5 26. h3 Nh7 27. Nc2 Bxc2
28. Qxc2 Ng5 29. Bd5 Qc5 30. Bxb7 Re2 31. Rd2 Qxf2+ 32. Kh2 Rxd2 33. Qc1 Rxb2
34. Qxg5 Rxb7 35. Rd1 Rbe7 36. Rd5 h4 37. Qg4 Qg3+ 38. Qxg3 hxg3+ 39. Kxg3 Re5
40. Rd4 Re3+ 41. Kh2 Rxc3 42. Rg4 Rc8 43. h4 Rd3 44. h5 Rd6 45. Kh3 c3 46. Kh4
c2 47. h6 Rxh6+ 48. Kg3 Rg6 49. Rxg6 fxg6 50. Kg4 c1=Q 51. Kh3 Qc3+ 52. g3 Qf3
53. Kh2 Rc2+ 54. Kg1 Rc3 55. Kh2 Qxg3+ 56. Kh1 Rc1# 0-1

[Event "Titled Tue 20th May Late"]
[Site "chess.com INT"]
[Date "2025.05.20"]
[Round "6"]
[White "Erigaisi, Arjun"]
[Black "Karthikeyan, Murali"]
[Result "1-0"]
[WhiteTitle "GM"]
[BlackTitle "GM"]
[WhiteElo "2782"]
[BlackElo "2658"]
[WhiteFideId "35009192"]
[BlackFideId "5074452"]
[EventDate "2025.05.20"]

1. Nf3 Nf6 2. c4 g6 3. b3 Bg7 4. Bb2 O-O 5. g3 b6 6. Bg2 Bb7 7. O-O c5 8. d4
cxd4 9. Qxd4 d6 10. Rd1 Nbd7 11. Qh4 h6 12. Nbd2 g5 13. Nxg5 hxg5 14. Qxg5 Bxg2
15. Kxg2 Qc7 16. Nf3 Qc6 17. Rd4 Ne5 18. Rh4 Ng6 19. Rd4 Nh7 20. Qh5 Bxd4 21.
Bxd4 e5 22. Be3 Rad8 23. Kg1 d5 24. Nxe5 Nxe5 25. Qxe5 dxc4 26. Rc1 Qe6 27. Qf4
cxb3 28. axb3 Rc8 29. Ra1 a5 30. Ra4 Rfd8 31. Qf3 Rd1+ 32. Kg2 Qd5 33. Rg4+ Kh8
34. Re4 f5 35. Re7 Qxf3+ 36. Kxf3 Rd6 37. Kf4 Kg8 38. Rb7 Nf6 39. Kxf5 Nd5 40.
Ke5 Rcc6 41. Bg5 Nc3 42. Kf5 Rd5+ 43. Kg4 Nxe2 44. f4 Nd4 45. h4 Ne6 46. Bf6 Rc7
47. Rxb6 Kf7 48. Be5 Rcd7 49. h5 Nd4 50. h6 Kg8 51. Kh5 Kh7 52. Rb8 Rd8 53. Rb7+
R5d7 54. Rb6 Nf3 55. Bf6 Rf8 56. g4 Rd5+ 57. g5 1-0

[Event "Titled Tue 20th May Late"]
[Site "chess.com INT"]
[Date "2025.05.20"]
[Round "6"]
[White "Altini, Nicola"]
[Black "Rossi, Maximiliano"]
[Result "1-0"]
[WhiteTitle "IM"]
[WhiteElo "2357"]
[BlackElo "2013"]
[WhiteFideId "833924"]
[BlackFideId "113425"]
[EventDate "2025.05.20"]

1. d4 Nf6 2. c4 g6 3. Nc3 d5 4. cxd5 Nxd5 5. Bd2 Bg7 6. e4 Nxc3 7. Bxc3 O-O 8.
h4 c5 9. d5 Nd7 10. h5 Ne5 11. hxg6 hxg6 12. Qd2 Qc7 13. f4 Ng4 14. Bxg7 Kxg7
15. Qc3+ f6 16. Qh3 Qa5+ 17. Ke2 Qb5+ 18. Ke1 Qb4+ 19. Qc3 Qxc3+ 20. bxc3 Ne3
21. Kd2 Nxf1+ 22. Rxf1 b5 23. Nf3 Bg4 24. Rh4 f5 25. Ne5 Rh8 26. Rfh1 Rxh4 27.
Rxh4 Rd8 28. Nxg4 fxg4 29. Rxg4 e6 30. c4 bxc4 31. Kc3 exd5 32. exd5 Rxd5 33.
Kxc4 Rd4+ 34. Kxc5 Ra4 35. g3 Kf6 36. Kc6 Rxa2 37. Rg5 a5 38. Kb5 a4 39. Kb4 Ra1
40. Ra5 Rg1 41. Rg5 Ra1 42. Kb5 a3 43. Kb4 a2 44. Kb3 Kf7 45. Kb2 Rf1 46. Kxa2
Rf3 47. Kb2 Kf6 48. Kc2 Kf7 49. Kd2 Kf6 50. Ke2 Ra3 51. Kf2 Kf7 52. Kg2 Kf6 53.
Kh3 Ra8 54. Kg4 Rg8 55. Ra5 Rh8 56. Ra6+ Kf7 57. Rb6 Rh1 58. Kg5 Rh5+ 59. Kg4
Rh1 60. Rc6 Rh2 61. Kf3 Rh1 62. Rc2 Ra1 63. Rh2 Kf6 64. Kg4 Kg7 65. Rb2 Ra5 66.
Rb6 Ra1 67. Kg5 Rg1 68. Rxg6+ Kf7 69. Kf5 Ra1 70. Re6 Ra3 71. g4 Ra5+ 72. Re5
Ra8 73. g5 Kg7 74. Re7+ Kg8 75. g6 Kh8 76. Kg5 Ra5+ 77. f5 Ra1 78. Kf6 Ra8 79.
Kg5 Ra1 80. f6 Rg1+ 81. Kf5 Rf1+ 82. Ke6 Re1+ 83. Kd5 Rd1+ 84. Kc4 Rc1+ 85. Kb3
Rc8 86. f7 Kg7 87. Re8 Rc3+ 88. Kxc3 Kh6 1-0

[Event "Titled Tue 20th May Late"]
[Site "chess.com INT"]
[Date "2025.05.20"]
[Round "6"]
[White "Stamatiou, Rodolfos"]
[Black "Hernandez Bermudez, Ulises Eduardo"]
[Result "0-1"]
[WhiteTitle "FM"]
[WhiteElo "2269"]
[BlackElo "2042"]
[WhiteFideId "25826530"]
[BlackFideId "3902510"]
[EventDate "2025.05.20"]

1. b3 Nf6 2. Bb2 g6 3. e4 Bg7 4. e5 Nh5 5. Ne2 d6 6. f4 dxe5 7. fxe5 c5 8. h3 e6
9. g3 Nc6 10. Bg2 Nxe5 11. Nbc3 O-O 12. d3 Qg5 13. Ne4 Qe7 14. g4 Qh4+ 15. Kf1
f5 16. gxf5 Rxf5+ 17. Kg1 Nf3+ 18. Bxf3 Bxb2 19. Bg4 Bxa1 20. Qxa1 Nf4 21. N2g3
Nd5 22. c4 Ne3 23. Bxf5 exf5 24. Qe1 f4 25. Qf2 fxg3 26. Qxe3 Bf5 27. Kg2 Bxe4+
28. dxe4 Re8 29. Re1 Re5 30. Re2 b6 31. Qxg3 Rxe4 32. Qxh4 Rxh4 33. Re7 Rd4 34.
Rxa7 Rd2+ 35. Kg3 h6 36. Ra6 Kg7 37. a4 Rd3+ 38. Kf4 Rxb3 39. Kg4 Rb4 40. Kg3
Rxc4 41. Rxb6 Rxa4 42. Rb7+ Kf6 43. Rb6+ Kg5 44. Rb5 Rc4 45. Kg2 Kh4 46. Rb6 Kh5
47. Rc6 g5 48. Kg3 Rc3+ 49. Kg2 c4 50. Rc7 Kh4 51. Rc6 h5 52. Rc5 Rc2+ 53. Kg1
g4 54. hxg4 hxg4 55. Rc8 Kg3 56. Kf1 Rc1+ 57. Ke2 Kg2 58. Rg8 g3 59. Kd2 Rf1 60.
Ke2 Rf3 61. Rc8 c3 62. Rc7 c2 63. Ke1 c1=Q+ 64. Rxc1 Rf1+ 65. Kd2 Rxc1 66. Kxc1
Kh1 0-1

[Event "Titled Tue 20th May Late"]
[Site "chess.com INT"]
[Date "2025.05.20"]
[Round "6"]
[White "Bukreev, Stanislav"]
[Black "Drygalov, Andrey"]
[Result "1-0"]
[WhiteTitle "FM"]
[BlackTitle "GM"]
[WhiteElo "2328"]
[BlackElo "2431"]
[WhiteFideId "34252347"]
[BlackFideId "24171735"]
[EventDate "2025.05.20"]

1. d4 Nf6 2. c4 e6 3. Nf3 h6 4. Bf4 b6 5. a3 Bb7 6. e3 Be7 7. Nc3 O-O 8. Bd3 d5
9. cxd5 exd5 10. Ne5 c5 11. O-O Nc6 12. Qf3 cxd4 13. Nxc6 Bxc6 14. exd4 Bd6 15.
Rfe1 Bxf4 16. Qxf4 Re8 17. h3 Qb8 18. Qxb8 Raxb8 19. f3 Kf8 20. Kf2 Red8 21. h4
Ne8 22. Ne2 Nd6 23. Rac1 Bb7 24. Nf4 Rbc8 25. b3 a6 26. Ke3 Rxc1 27. Rxc1 Rc8
28. Rxc8+ Nxc8 29. Ne2 Ke7 30. Kf4 g6 31. g4 Kd6 32. g5 h5 33. Ke3 Ne7 34. Ng3
Bc8 35. Kf4 a5 36. Ke3 Be6 37. Kd2 Ng8 38. Kc3 Ne7 39. b4 axb4+ 40. Kxb4 Nc6+
41. Kc3 Ke7 42. f4 Bg4 43. f5 gxf5 44. Nxf5+ Ke6 45. Ng3 Ne7 46. Kb4 Kd6 47. Kb5
Kc7 48. Kb4 Nc6+ 49. Kc3 Ne7 50. Kd2 Kd6 51. Ke3 Ke6 52. Kf4 Kd6 53. Nf5+ Bxf5
54. Bxf5 Nc6 55. Ke3 Ne7 56. Bd3 Ng6 57. Be2 Nxh4 58. Bxh5 Nf5+ 59. Kf4 Nxd4 60.
Bxf7 Ne6+ 61. Bxe6 Kxe6 62. Ke3 Ke5 63. a4 Kf5 64. Kd4 Kxg5 65. Kxd5 Kf6 66. Kc6
Ke7 67. Kxb6 Kd6 68. Kb7 Kc5 69. a5 Kb5 70. a6 Kc5 71. a7 Kd5 72. a8=Q 1-0

[Event "Titled Tue 20th May Late"]
[Site "chess.com INT"]
[Date "2025.05.20"]
[Round "6"]
[White "Obon Temprano, Sergi"]
[Black "Winkels, Marcel"]
[Result "1-0"]
[WhiteTitle "FM"]
[BlackTitle "CM"]
[WhiteElo "2155"]
[BlackElo "1918"]
[WhiteFideId "2226545"]
[BlackFideId "1003887"]
[EventDate "2025.05.20"]

1. Nf3 Nf6 2. g3 g6 3. Bg2 Bg7 4. O-O d5 5. d3 O-O 6. c4 c5 7. cxd5 Nxd5 8. a3
Nc6 9. Qc2 Bg4 10. Nc3 Nc7 11. Be3 b6 12. h3 Bd7 13. Rad1 Rc8 14. Qb1 Ne6 15.
Nd5 Ncd4 16. Nxd4 cxd4 17. Bd2 Bc6 18. Nb4 Bxg2 19. Kxg2 Qc7 20. Rc1 Qb7+ 21. f3
a5 22. Na2 Nc5 23. b4 axb4 24. Bxb4 Qd5 25. Rc4 Rc7 26. Rfc1 Rfc8 27. R1c2 h5
28. Qc1 h4 29. gxh4 Bf6 30. Qf4 Kg7 31. Bxc5 bxc5 32. Qe4 Qh5 33. Qg4 Qd5 34. h5
Qxh5 35. Qxh5 gxh5 36. Nb4 e6 37. Na6 Rc6 38. Nxc5 Kg6 39. Ne4 Rxc4 40. Rxc4 Ra8
41. a4 e5 42. Kg3 Be7 43. Nf2 f5 44. f4 exf4+ 45. Kxf4 Bg5+ 46. Kf3 Re8 47. Nd1
Bf6 48. a5 Ra8 49. Ra4 Ra6 50. Nb2 Be5 51. Nc4 Bc7 52. Kf2 Kf6 53. Kf3 Kg5 54.
Kg2 Kf4 55. Kf2 Kg5 56. Kf3 Kh4 57. Kg2 Kg5 58. Ra2 Bd8 59. Ra1 Bc7 60. Kf3 Kf6
61. e3 dxe3 62. Kxe3 h4 63. d4 f4+ 64. Ke4 Ke6 65. d5+ Kd7 66. Kd4 f3 67. Kc5
Bd8 68. Ne5+ Kc8 69. Nxf3 1-0

[Event "Titled Tue 20th May Late"]
[Site "chess.com INT"]
[Date "2025.05.20"]
[Round "6"]
[White "Pakleza, Zbigniew"]
[Black "Ollier, Pablo"]
[Result "1-0"]
[WhiteTitle "GM"]
[BlackTitle "FM"]
[WhiteElo "2484"]
[BlackElo "2284"]
[WhiteFideId "1119290"]
[BlackFideId "652318"]
[EventDate "2025.05.20"]

1. d4 Nf6 2. Nf3 e6 3. Bf4 d5 4. e3 c5 5. c3 Nc6 6. Nbd2 Nh5 7. Be5 f6 8. Bg3 g6
9. Be2 cxd4 10. cxd4 Bg7 11. Bh4 g5 12. Nxg5 fxg5 13. Bxh5+ Kf8 14. Qf3+ Qf6 15.
Bxg5 Qxf3 16. Bxf3 b6 17. O-O Ba6 18. Rfc1 Rc8 19. Bg4 Kf7 20. Bh5+ Kf8 21. Nf3
h6 22. Bh4 Bd3 23. Rc3 Ba6 24. Rac1 Bb7 25. b4 b5 26. a4 a6 27. axb5 axb5 28.
Rc5 Kg8 29. Rxb5 Ba8 30. Bg6 Bf8 31. Bf6 Bg7 32. Bh4 Bf8 33. h3 Kg7 34. Bh5 Bd6
35. Rb6 Bb8 36. Bg3 Bxg3 37. fxg3 Kf6 38. Rc5 Rh7 39. Bg4 Rhc7 40. b5 Nd8 41.
Rxc7 Rxc7 42. Ne5 Rc1+ 43. Kh2 Rb1 44. Rd6 Nb7 45. Rxe6+ Kg7 46. Re7+ Kf8 47.
Rf7+ Kg8 48. Be6 Nd8 49. Ra7+ Nxe6 50. Rxa8+ Kg7 51. Ra7+ Kf6 52. Rf7+ Kg5 53.
h4+ Kh5 54. Rf5+ Ng5 55. hxg5 hxg5 56. Rf8 g4 57. Rh8+ Kg5 58. Rg8+ Kh5 59. Rxg4
Kh6 60. Rh4+ Kg5 61. Nf3+ Kf5 62. Rf4+ Kg6 63. g4 Kh6 64. Rf6+ Kg7 65. g5 Kh7
66. Ne5 Kg7 67. Rf7+ Kh8 68. g6 Kg8 69. Kh3 Kh8 70. Kg4 Rb2 71. g3 Rb4 72. Kg5
Rxb5 73. Kh6 Rb8 74. Ng4 Rg8 75. Rh7# 1-0

[Event "Titled Tue 20th May Late"]
[Site "chess.com INT"]
[Date "2025.05.20"]
[Round "6"]
[White "Caruana, Fabiano"]
[Black "Naroditsky, Daniel"]
[Result "1-0"]
[WhiteTitle "GM"]
[BlackTitle "GM"]
[WhiteElo "2776"]
[BlackElo "2619"]
[WhiteFideId "2020009"]
[BlackFideId "2026961"]
[EventDate "2025.05.20"]

1. e4 c5 2. Nc3 Nc6 3. Bb5 Nd4 4. Nf3 e6 5. O-O a6 6. Bd3 Nc6 7. Nd5 g5 8. Nxg5
exd5 9. Qh5 Ne5 10. exd5 d6 11. f4 Bg4 12. Qh4 h6 13. Qe1 hxg5 14. fxe5 Bg7 15.
exd6+ Kf8 16. Qg3 Bd7 17. Be4 Qe8 18. d3 Qe5 19. c3 Qxg3 20. hxg3 Be5 21. Bxg5
Bxd6 22. Bg6 Be8 23. Rf3 Kg7 24. Bf5 f6 25. Bf4 Rd8 26. Re1 Bg6 27. Bxg6 Kxg6
28. c4 Nh6 29. Re6 Bxf4 30. Rxf4 Rhf8 31. a3 Rd7 32. b4 cxb4 33. axb4 Nf5 34. g4
Nh6 35. Kf2 Kg7 36. g5 Ng8 37. gxf6+ Rxf6 38. Rfxf6 Nxf6 39. Ke3 Ng8 40. Kd4 Ne7
41. g4 Kf7 42. Kc5 Nc8 43. g5 Rc7+ 44. Kd4 Ne7 45. Rf6+ Kg7 46. c5 Rd7 47. d6
Nc6+ 48. Kc4 Ne5+ 49. Kc3 Nf7 50. Rf5 Kg6 51. Rf1 Nxg5 52. d4 Ne4+ 53. Kd3 Nf6
54. Kc4 Ne4 55. Rf4 Nf6 56. d5 Kg5 57. Rf1 Kg6 58. Kd4 Rd8 59. Re1 Rh8 60. c6
Rh4+ 61. Kc5 b6+ 62. Kxb6 Nxd5+ 63. Kc5 Nxb4 64. Rg1+ Kf6 65. d7 Nd3+ 66. Kd5
Nb4+ 67. Kd6 Rd4+ 68. Kc5 Nc2 69. Rg2 1-0

[Event "Titled Tue 20th May Late"]
[Site "chess.com INT"]
[Date "2025.05.20"]
[Round "6"]
[White "Ristic, Nebojsa M"]
[Black "Hungaski, Robert"]
[Result "1/2-1/2"]
[WhiteTitle "IM"]
[BlackTitle "GM"]
[WhiteElo "2248"]
[BlackElo "2477"]
[WhiteFideId "900850"]
[BlackFideId "2021030"]
[EventDate "2025.05.20"]

1. d4 e6 2. Bf4 f5 3. e3 Nf6 4. Nc3 Be7 5. Nf3 O-O 6. h3 d5 7. Ne5 c5 8. dxc5
Bxc5 9. Bd3 Nc6 10. a3 Nxe5 11. Bxe5 Bd6 12. Bxd6 Qxd6 13. O-O e5 14. Bb5 Be6
15. Ba4 Rad8 16. Bb3 Kh8 17. Qd2 d4 18. exd4 Bxb3 19. cxb3 exd4 20. Rad1 Ne4 21.
Nxe4 fxe4 22. Rfe1 Rfe8 23. Qa5 a6 24. Qf5 Re5 25. Qg4 Qd5 26. b4 h6 27. Rc1 Kh7
28. Rc5 Qe6 29. Rxe5 Qxe5 30. Qxe4+ Qxe4 31. Rxe4 d3 32. Re1 Rc8 33. Rd1 Rc2 34.
Rxd3 Rxb2 35. Rd7 Ra2 36. Rxb7 Rxa3 37. b5 axb5 38. Rxb5 Ra2 39. g4 Ra4 40. Kg2
g5 41. Kg3 Ra3+ 42. f3 Kg6 43. Rb6+ Kg7 44. h4 gxh4+ 45. Kf4 Ra4+ 46. Kf5 Ra5+
47. Ke4 h3 48. Rb2 Ra4+ 49. Kf5 Ra5+ 50. Kf4 Ra1 51. Rh2 Kg6 52. Rxh3 Ra4+ 53.
Kg3 Rb4 54. Rh1 Rb6 55. Rc1 Ra6 56. Rc5 Rb6 57. Kh4 Rf6 58. Kg3 Ra6 59. Rd5 Rb6
60. Rc5 Ra6 61. Kh3 Rf6 62. Kg3 Rb6 63. Re5 Ra6 64. f4 Ra3+ 65. Kh4 Ra1 66. Re6+
Kg7 67. f5 Rh1+ 68. Kg3 Rg1+ 69. Kf4 Rf1+ 70. Kg3 Rg1+ 71. Kf3 Rf1+ 72. Kg2 Rf4
73. Kg3 Rf1 74. Rg6+ Kh7 75. Ra6 Kg7 76. Ra7+ Kg8 77. Kh4 Rh1+ 78. Kg3 Rf1 79.
Rb7 Kh8 80. Kg2 Rf4 81. Kg3 Rf1 82. Rb6 Kg7 83. Kg2 Rf4 84. Rg6+ Kh7 85. Kg3 Rf1
86. Ra6 Kg7 87. Ra7+ Kg8 1/2-1/2

[Event "Titled Tue 20th May Late"]
[Site "chess.com INT"]
[Date "2025.05.20"]
[Round "6"]
[White "Grodotzki, Kenneth"]
[Black "Zlatin, Alexander"]
[Result "1-0"]
[WhiteTitle "CM"]
[BlackTitle "FM"]
[WhiteElo "1984"]
[BlackElo "2306"]
[WhiteFideId "4648560"]
[BlackFideId "2810549"]
[EventDate "2025.05.20"]

1. f4 Nf6 2. Nf3 d6 3. g3 g6 4. Bg2 Bg7 5. O-O O-O 6. d3 Nc6 7. e4 e5 8. f5 gxf5
9. Nh4 fxe4 10. dxe4 Bg4 11. Qe1 Nd4 12. Na3 c6 13. h3 Bh5 14. Bg5 h6 15. Be3
Bg6 16. c3 Ne6 17. Nf5 Bxf5 18. Rxf5 Kh7 19. Qf2 d5 20. Rf1 d4 21. Bd2 dxc3 22.
Bxc3 Nd4 23. Rxf6 Qxf6 24. Qxf6 Bxf6 25. Rxf6 Ne2+ 26. Kh2 Nxc3 27. bxc3 Rad8
28. Nc4 Kg7 29. Rf2 f6 30. Ne3 Rd3 31. Nf5+ Kg6 32. Rb2 b6 33. Ne7+ Kf7 34. Nxc6
Rc8 35. Nxa7 Rcxc3 36. Nb5 Rc5 37. a4 Kg6 38. h4 h5 39. Bh3 Rd1 40. Bf5+ Kg7 41.
Na3 Ra1 42. Rb3 Rcc1 43. g4 Ra2+ 44. Kg3 Rg1+ 45. Kf3 hxg4+ 46. Bxg4 Rga1 47.
Nb5 Rxa4 48. Nd6 R4a3 49. Rxa3 Rxa3+ 50. Kg2 Rb3 51. Ne8+ Kg6 52. Nc7 b5 53.
Bf5+ Kh6 54. Nd5 b4 55. Nxf6 Rb2+ 56. Kf3 b3 57. Ng4+ Kh5 58. Nxe5 Rd2 59. Nc4
Rc2 60. Ne3 Rc3 61. e5 b2 62. Kf4 Rc1 63. e6 Rc5 64. Bd3 Rc3 65. Bf5 Rc7 66. Ke5
Kxh4 67. Kf6 Rc5 68. e7 Rxf5+ 69. Nxf5+ Kg4 70. e8=Q b1=Q 71. Qg6+ Kf4 72. Qg3+
Ke4 73. Qe3+ Kd5 74. Qe5+ Kc6 75. Ne7+ Kb6 76. Qd6+ Kb5 77. Qc6+ Ka5 78. Qa8+
Kb6 79. Qb8+ Kc5 80. Qxb1 Kd6 81. Qg6 Kc7 82. Nd5+ Kd8 83. Qg7 Ke8 84. Qe7# 1-0

[Event "Titled Tue 20th May Late"]
[Site "chess.com INT"]
[Date "2025.05.20"]
[Round "6"]
[White "Mammadov, Sadig"]
[Black "Leinov, Roman"]
[Result "1-0"]
[WhiteTitle "IM"]
[BlackTitle "CM"]
[WhiteElo "2395"]
[BlackElo "2120"]
[WhiteFideId "13408712"]
[BlackFideId "13504649"]
[EventDate "2025.05.20"]

1. Nf3 Nf6 2. b3 d6 3. Bb2 e5 4. d3 g6 5. g3 Bg7 6. Bg2 O-O 7. Nbd2 Re8 8. O-O
c5 9. c4 Nc6 10. Ne4 Nxe4 11. dxe4 Nd4 12. e3 Nxf3+ 13. Bxf3 b6 14. Qd5 Rb8 15.
Rfd1 Re6 16. Bg4 Bb7 17. Qd3 Rf6 18. Bxe5 Qe7 19. Bxf6 Bxf6 20. Rac1 Bb2 21. f3
Bxc1 22. Rxc1 Rd8 23. Rd1 Qe5 24. Kf2 f6 25. Bh3 Kg7 26. Bg2 Bc6 27. f4 Qe7 28.
e5 Bxg2 29. exf6+ Qxf6 30. Kxg2 Qe6 31. e4 Re8 32. Kf3 Qh3 33. Rd2 Re6 34. Qd5
Rf6 35. e5 dxe5 36. Qxe5 Qf1+ 37. Rf2 Qh1+ 38. Kg4 Qd1+ 39. Kh3 Qd7+ 40. Kg2 Qd1
41. Re2 h5 42. Qb2 Qd7 43. Qc3 Qc6+ 44. Qf3 Qd6 45. Re5 Qd2+ 46. Qf2 Qd6 47. Qe2
Rf7 48. Re6 Qd7 49. Qe5+ Kh7 50. Re8 Rg7 51. Qe2 Qc6+ 52. Kh3 Qd7+ 53. Kg2 Qc6+
54. Qe4 Qd7 55. Re5 Qd1 56. Qe2 Qd7 57. f5 Qc6+ 58. Kg1 Qd6 59. fxg6+ Rxg6 60.
Qxh5+ Kg7 61. Qe2 Qd4+ 62. Qe3 Qa1+ 63. Kg2 Qxa2+ 64. Kf3 Qb1 65. Re7+ Kf8 66.
Re8+ Kg7 67. Qe5+ Kf7 68. Re7+ Kf8 69. Re8+ Kf7 70. Qe7# 1-0

[Event "Titled Tue 20th May Late"]
[Site "chess.com INT"]
[Date "2025.05.20"]
[Round "6"]
[White "Ismagilov, Damir"]
[Black "Abdurakhmonov, Mukhammadali"]
[Result "0-1"]
[WhiteTitle "CM"]
[BlackTitle "IM"]
[WhiteElo "2173"]
[BlackElo "2368"]
[WhiteFideId "34199982"]
[BlackFideId "14207346"]
[EventDate "2025.05.20"]

1. d4 Nf6 2. c4 e6 3. Nc3 Bb4 4. e3 O-O 5. Bd3 Re8 6. Ne2 d5 7. O-O dxc4 8. Bxc4
Nbd7 9. a3 Bd6 10. Qc2 e5 11. Ng3 exd4 12. exd4 Nb6 13. Ba2 Be6 14. Bxe6 Rxe6
15. Nf5 Bf8 16. Rd1 Nbd5 17. Bg5 h6 18. Bh4 c6 19. Re1 Qd7 20. Bg3 Rae8 21. Rxe6
Qxe6 22. h3 g6 23. Nh4 Nxc3 24. bxc3 Qe2 25. Qb3 Nd5 26. c4 Ne3 27. Nf3 Qxc4 28.
Qxb7 Nf5 29. Be5 a5 30. Qa7 a4 31. g4 Nd6 32. Qd7 Re6 33. Kg2 Qd5 34. Rb1 Nc4
35. Qxd5 cxd5 36. Rb8 Nxa3 37. Ra8 f6 38. Bg3 Nb5 39. Rxa4 Nc3 40. Ra8 g5 41.
Bc7 Kf7 42. Ra7 Kg6 43. Ra8 Be7 44. h4 Kg7 45. h5 Ne2 46. Bg3 Bd6 47. Ra7+ Kg8
48. Ra6 Nxg3 49. fxg3 Kf7 50. Kh3 Be7 51. Ra7 Re3 52. Kg2 Re2+ 53. Kf1 Rc2 54.
Kg1 Ke6 55. Ra6+ Bd6 56. Kf1 Kd7 57. Ra7+ Ke8 58. Ra6 Ke7 59. Ra7+ Kd8 60. Ra6
Kc7 61. Ra7+ Kb6 62. Rf7 Bxg3 63. Rxf6+ Kb5 64. Kg1 Kc4 65. Rxh6 Kd3 66. Nxg5
Bf4 67. Rg6 Be3+ 68. Kh1 Bxd4 69. h6 Be5 70. h7 d4 71. Nf7 Rh2+ 72. Kg1 Rxh7 73.
Nxe5+ Ke4 74. Nc6 d3 75. Rd6 Rc7 76. Nb4 Rc1+ 77. Kg2 Rd1 0-1

[Event "Titled Tue 20th May Late"]
[Site "chess.com INT"]
[Date "2025.05.20"]
[Round "6"]
[White "Ahmad, Khagan"]
[Black "Naranjo Moreno, Antonio"]
[Result "1/2-1/2"]
[WhiteTitle "IM"]
[BlackTitle "FM"]
[WhiteElo "2405"]
[BlackElo "2289"]
[WhiteFideId "13431552"]
[BlackFideId "2278626"]
[EventDate "2025.05.20"]

1. Nf3 Nf6 2. c4 g6 3. b3 Bg7 4. Bb2 O-O 5. g3 c5 6. Bg2 Nc6 7. O-O d5 8. cxd5
Nxd5 9. Bxg7 Kxg7 10. d4 cxd4 11. Nxd4 Nxd4 12. Qxd4+ Nf6 13. Qxd8 Rxd8 14. Nc3
Rd2 15. Rfd1 Rc2 16. Rac1 Rxc1 17. Rxc1 Rb8 18. Nb5 a6 19. Nd4 Ne8 20. e4 e5 21.
Nc2 Be6 22. Ne3 Rc8 23. Rd1 Kf6 24. f4 Rc3 25. Kf2 a5 26. Rd2 a4 27. bxa4 Ra3
28. Bf1 h5 29. Bc4 exf4 30. gxf4 Bxc4 31. Nxc4 Rxa4 32. Rc2 b5 33. Nd2 Ke7 34.
e5 Ng7 35. Rc7+ Ke8 36. Kf3 Rxf4+ 37. Ke3 Ne6 38. Rb7 Ra4 39. Rxb5 Rxa2 40. Ne4
Ra3+ 41. Kd2 Ra2+ 42. Kc3 Rxh2 43. Rb8+ Ke7 44. Nf6 Ng7 45. Rg8 Ke6 46. Rxg7
Kxe5 47. Nh7 h4 48. Rxf7 h3 49. Ng5 Rg2 50. Nf3+ Ke6 51. Rf8 Ke7 52. Rf4 g5 53.
Re4+ Kf6 54. Kd4 g4 55. Nh4 h2 56. Nxg2 h1=Q 57. Ne3 Qf3 58. Nxg4+ Kf5 59. Ne3+
Kf6 60. Re5 Qf4+ 61. Re4 Qd6+ 62. Nd5+ Kg6 63. Re5 Qb8 64. Nf4+ Kf6 65. Nd5+ Kg6
66. Re3 Kg7 67. Rf3 Kg6 68. Ne7+ Kh5 69. Rf5+ Kg4 70. Re5 Qb4+ 71. Kd5 Qb5+ 72.
Ke6 Qc4+ 73. Nd5 Qc6+ 74. Kf7 Qd7+ 75. Kf6 Qc6+ 76. Ke7 Qb7+ 77. Ke6 Qc8+ 78.
Ke7 Qb7+ 79. Ke6 Qc8+ 80. Kd6 Qb8+ 81. Nc7 Qb6+ 82. Kd7 Qd4+ 83. Rd5 Qg7+ 84.
Kc6 Qf6+ 85. Rd6 Qxd6+ 86. Kxd6 1/2-1/2

[Event "Titled Tue 20th May Late"]
[Site "chess.com INT"]
[Date "2025.05.20"]
[Round "6"]
[White "Yilmaz, Mustafa"]
[Black "Yilmaz, Baver"]
[Result "1/2-1/2"]
[WhiteTitle "GM"]
[BlackTitle "FM"]
[WhiteElo "2586"]
[BlackElo "2233"]
[WhiteFideId "6302718"]
[BlackFideId "26363542"]
[EventDate "2025.05.20"]

1. d4 Nf6 2. c4 g6 3. Nc3 d5 4. Nf3 Bg7 5. Qb3 dxc4 6. Qxc4 O-O 7. e4 a6 8. e5
b5 9. Qb3 Nfd7 10. Be3 Nb6 11. Be2 Be6 12. Qc2 Nc6 13. O-O Nb4 14. Qd1 Nc4 15.
Bc1 Nd5 16. Ne4 Ncb6 17. Bd2 Bf5 18. Ng3 Bd7 19. Rc1 Rc8 20. Ne4 Ra8 21. Nc5 Bf5
22. Re1 Re8 23. Ng5 h6 24. Nge4 Nd7 25. Ng3 e6 26. Nxf5 gxf5 27. Bf3 c6 28. Bxd5
cxd5 29. Qh5 Nf8 30. Bxh6 Ng6 31. Bg5 Qa5 32. a3 b4 33. a4 b3 34. Rc3 Qb4 35.
Rd1 Rec8 36. Rh3 Rxc5 37. dxc5 Bxe5 38. c6 Qc5 39. Rxb3 Qxc6 40. Rbd3 Qxa4 41.
h4 Rb8 42. Qe2 Rxb2 43. R3d2 Rb4 44. h5 Re4 45. Qf3 Nh4 46. Qh3 Rg4 47. Bxh4
Rxh4 48. Qd3 Qg4 49. g3 Rxh5 50. Qe2 Qh3 51. Qf3 Qh2+ 52. Kf1 Qh1+ 53. Qxh1
Rxh1+ 54. Kg2 Rxd1 55. Rxd1 a5 56. Rc1 Kg7 57. Rc8 Bb2 58. Ra8 Bc3 59. Kf3 Bb4
60. Ke2 Kf6 61. f4 d4 62. Ra6 Bc3 63. Ra7 Kg6 64. Ra8 Bb4 65. Kd3 Be1 66. Kxd4
Kg7 67. Ke3 Bxg3 68. Rxa5 Be1 69. Ra2 Bb4 70. Kf3 Kf6 71. Ra6 Bf8 72. Ra8 Bd6
73. Rg8 Ke7 74. Rg2 f6 75. Rg7+ Kf8 76. Rd7 Be7 77. Ra7 Kf7 78. Rb7 e5 79. Rb5
Ke6 80. Rb6+ Bd6 81. Ra6 Kd5 82. Ra5+ Bc5 83. fxe5 fxe5 84. Ra8 Bd6 85. Ra5+ Ke6
86. Ra4 Kf6 87. Rh4 Ke6 88. Ra4 e4+ 89. Rxe4+ fxe4+ 90. Kxe4 1/2-1/2

[Event "Titled Tue 20th May Late"]
[Site "chess.com INT"]
[Date "2025.05.20"]
[Round "6"]
[White "Noy, Eyal"]
[Black "Manvelyan, Mikayel"]
[Result "1-0"]
[WhiteTitle "FM"]
[BlackTitle "FM"]
[WhiteElo "2346"]
[BlackElo "2362"]
[WhiteFideId "2821117"]
[BlackFideId "13310143"]
[EventDate "2025.05.20"]

1. e4 e5 2. Nf3 Nc6 3. Bc4 Nf6 4. Ng5 Bc5 5. Bxf7+ Ke7 6. Bd5 Rf8 7. O-O d6 8.
d3 Bg4 9. Nf3 Qe8 10. Bxc6 bxc6 11. Be3 Bb6 12. Nbd2 h6 13. Qe2 Nh5 14. Bxb6
axb6 15. Qe3 c5 16. Kh1 Nf4 17. Ng1 g5 18. f3 Bd7 19. Ne2 Qh5 20. Nxf4 gxf4 21.
Qf2 Rg8 22. Rg1 Rg5 23. g4 fxg3 24. Rxg3 Rag8 25. Rag1 Be6 26. a3 b5 27. Nf1 Rf8
28. Nd2 Kd7 29. Qe3 Rf4 30. Rxg5 hxg5 31. Qe2 g4 32. fxg4 Bxg4 33. Qe3 Qh4 34.
Rg3 Be6 35. Kg1 Qh5 36. Qe1 c4 37. dxc4 bxc4 38. Nf1 Qh7 39. Qe3 Rxe4 40. Qf2
Rf4 41. Qg2 Qe4 42. Qxe4 Rxe4 43. Kf2 Rd4 44. c3 Rf4+ 45. Ke2 Rh4 46. Kf2 Kc6
47. Kg2 Bd5+ 48. Kg1 Rf4 49. Ne3 Be6 50. Kg2 d5 51. Rg6 Kd6 52. Kg3 Ke7 53. h4
Re4 54. Nf1 d4 55. cxd4 exd4 56. Nd2 Re3+ 57. Kf4 Rd3 58. Nf3 c3 59. bxc3 dxc3
60. Rg2 Bd5 61. Re2+ Kd6 62. Ne1 Rd2 63. Re3 c2 64. Rc3 Rf2+ 65. Ke3 Rh2 66.
Nxc2 Rh3+ 67. Kd2 Rxh4 68. Rd3 Ke5 69. Kc3 Rh2 70. Nb4 Be4 71. Rd7 Rh3+ 72. Kc4
Rh2 73. Re7+ Kf4 74. Rxc7 Rh1 75. Rf7+ Ke3 76. Re7 Rc1+ 77. Kb5 Kd4 78. a4 Rb1
79. a5 Bd3+ 80. Ka4 Ra1+ 81. Kb3 Bc4+ 82. Kb2 Rf1 83. Rc7 Rf2+ 84. Ka3 Rf1 85.
a6 Ra1+ 86. Kb2 Ra4 87. Nc6+ Kd5 88. a7 Kd6 89. Rc8 Kd7 90. a8=Q Rxa8 91. Rxa8
Kxc6 92. Kc3 Kd5 93. Rd8+ Ke6 94. Kxc4 Ke7 95. Rd5 Ke6 96. Kd4 Kf6 97. Ke4 Kf7
98. Rd6 Ke7 99. Ke5 Kf7 100. Re6 1-0